000 00299nam a22001337a 4500
008 170405b xxu||||| |||| 00| 0 eng d
020 _a9780683074888
041 _aeng
080 _a616.34
100 _a9
101 _aSHM
245 _aA GUIDE TO GASTROENETEROLOGY
_cSACHER, D.B
942 _2udc
_cBK
999 _c9861
_d9861